Statistieken voor Moldavië Trivia Quiz

Klik hier om de quiz te nemen!

Algemene statistieken

  • Deze quiz is 175 keer genomen
  • De gemiddelde score is 10 van 14

Antwoordstatistieken

HintAntwoord% Correct
Aangrenzende landenOekraïne
96%
Aangrenzende landenRoemenië
96%
HoofdstadChisinau
94%
Land waaruit Moldavië in 1991 onafhankelijk werdSovjet-Unie
92%
Moldavië ligt op ongeveer 50 km afstand van deze zeeZwarte Zee
90%
Officiële taalRoemeens (Moldavisch)
89%
93% van de burgers behoort tot deze tak van het christendomOosters-orthodox
85%
Moldavië is het _____ land in EuropaArmste
84%
Afgescheiden republiek op een kleine strook land ten oosten van die rivierTransnistrië
71%
Moldavië maakt al duizenden jaren ____. Tegenwoordig is het de op acht na grootste producent per hoofd van de bevolking ter wereld.Wijn
64%
"Hoofdstad" van die afgescheiden republiek, technisch gezien de op een na grootste stad van MoldaviëTiraspol
56%
Valuta van MoldaviëLeu
48%
Rivier die langs en nabij de oostgrens stroomtDnjestr
45%
Historische regio die het grootste deel van Moldavisch grondgebied besloegBessarabië
39%

Scoreverdeling

Percentiel versus Aantal Correcte Antwoorden

Procent van Mensen met Elke Score

Uw Scoregeschiedenis

U heeft deze quiz nog niet genomen